Places To Study

There are group study rooms, individual study carrels, computer labs, and other spaces to study in the Libraries.

Reserve A Group Room

Online Resources

Access thousands of eBooks, audiobooks, and online journals from the comfort of your home.

Explore Resources

Events and Workshops

Join our upcoming events and workshops to enhance your skills and knowledge.

View Events

Political systems of highland Burma : (Record no. 2764)

MARC details
000 -LEADER
fixed length control field 00945nam a22002537a 4500
003 - CONTROL NUMBER IDENTIFIER
control field OSt
005 - DATE AND TIME OF LATEST TRANSACTION
control field 20251220165058.0
008 - FIXED-LENGTH DATA ELEMENTS--GENERAL INFORMATION
fixed length control field 251220b |||||||| |||| 00| 0 eng d
040 ## - CATALOGING SOURCE
Transcribing agency DCL
041 ## - LANGUAGE CODE
Language code of text/sound track or separate title English
082 ## - DEWEY DECIMAL CLASSIFICATION NUMBER
Classification number 305.895
100 1# - MAIN ENTRY--PERSONAL NAME
Personal name Leach, Edmund Ronald
245 10 - TITLE STATEMENT
Title Political systems of highland Burma :
Remainder of title a study of Kachin social structure /
Statement of responsibility, etc. by E.R. Leach; with foreword by Raymond Firth.
260 ## - PUBLICATION, DISTRIBUTION, ETC.
Place of publication, distribution, etc. London :
Name of publisher, distributor, etc. The London School of Economics,
Date of publication, distribution, etc. 1954.
300 ## - PHYSICAL DESCRIPTION
Extent xx, 324 pages :
Other physical details maps, tables ;
Dimensions 24 cm.
504 ## - BIBLIOGRAPHY, ETC. NOTE
Bibliography, etc. note Bibliography: p. 251-267
650 ## - SUBJECT ADDED ENTRY--TOPICAL TERM
Topical term or geographic name entry element Kachin (Asian people)
General subdivision Politics and government
650 ## - SUBJECT ADDED ENTRY--TOPICAL TERM
General subdivision Politics and government
Topical term or geographic name entry element Ahoms (Indic people)
650 ## - SUBJECT ADDED ENTRY--TOPICAL TERM
Topical term or geographic name entry element Kachin (Asian people)
General subdivision Social life and customs
650 ## - SUBJECT ADDED ENTRY--TOPICAL TERM
Topical term or geographic name entry element Social structure
Geographic subdivision Burma
Form subdivision Case studies
651 ## - SUBJECT ADDED ENTRY--GEOGRAPHIC NAME
Geographic name Myanmar
General subdivision Politic and government
700 1# - ADDED ENTRY--PERSONAL NAME
Personal name Firth, Raymond
Relator term foreword
942 ## - ADDED ENTRY ELEMENTS (KOHA)
Source of classification or shelving scheme Dewey Decimal Classification
Koha item type Short Term
Suppress in OPAC No
Holdings
Withdrawn status Lost status Source of classification or shelving scheme Damaged status Not for loan Collection Accession No. Home library Current library Shelving location Date acquired Total checkouts Full call number Barcode Date last seen Price effective from Koha item type
    Dewey Decimal Classification     English Collection 2043 Dhammadhara Dhammadhara English Shelves 20/12/2025   305.895 Le 2043 EB00002043 20/12/2025 20/12/2025 Short Term